000 00512 a2200181 4500
001 2170
005 20140414131923.0
020 _a0-86227-412-5
050 _aER
_bSn6 1994
100 1 _aMcKie, Anne
245 1 0 _aSnow White and Beauty and the beast /
_cstories re-told by Anne McKie ; illustrated by Ken McKie.
260 _aLondon :
_bGrandreams,
_c1994.
300 _a1 v. (unp.) : ill. ; cm.
440 0 _aTwo Well Loved Tales
650 4 _aFairy tales.
650 4 _aChildren stories.
999 _c111883
_d111883